Villes d’Alsace - Mort subite - Statistiques

Statistiques générales
  • Ce quiz a été pris 474 fois
  • Le résultat moyen est 11 sur 20
Answers on the Grid
Answers color-coded by a green-red scale on the quiz's grid according to % correct below.
Strasbourg
Mulhouse
Colmar
Thann
Haguenau
Sélestat
Schiltigheim
Saint-Louis
Lingolsheim
Obernai
Illkirch-Graffenstaden
Molsheim
Saverne
Kingersheim
Cernay
Guebwiller
Altkirch
Munster
Kaysersberg
Ostwald
Belfort
Montbéliard
Bessoncourt
Sochaux
Nancy
Metz
Müllheim
Baden-Baden
Bâle
Épinal
Mannheim
Villingen-Schwenningen
Pforzheim
Moulins
Vesoul
Ulm
 
Statistiques - réponses
Réponse % Correct
Colmar
67%
Strasbourg
67%
Illkirch-Graffenstaden
64%
Haguenau
63%
Molsheim
63%
Mulhouse
63%
Schiltigheim
63%
Sélestat
60%
Obernai
59%
Altkirch
54%
Kingersheim
53%
Lingolsheim
53%
Munster
53%
Guebwiller
51%
Kaysersberg
51%
Saverne
51%
Saint-Louis
44%
Thann
43%
Cernay
40%
Ostwald
37%
Aucun quiz correspondant
Distribution des résultats
% des personnes avec chaque résultat
Percentile par nombre de réponses
Votre historique - résultats
Vous n’avez pas pris ce quiz